Who's winning the battle for quality staff? (Record no. 74902)

MARC details
000 -LEADER
fixed length control field 00864cab a2200205 4500
001 - CONTROL NUMBER
control field X129021
008 - FIXED-LENGTH DATA ELEMENTS--GENERAL INFORMATION
fixed length control field 050310n2005 000 0 eng u
035 ## - SYSTEM CONTROL NUMBER
System control number (Sirsi) u129021
100 ## - MAIN ENTRY--PERSONAL NAME
Personal name Woudhuysen, J.
245 ## - TITLE STATEMENT
Title Who's winning the battle for quality staff?
260 ## - PUBLICATION, DISTRIBUTION, ETC.
Date of publication, distribution, etc. 2005
490 ## - SERIES STATEMENT
Series statement Estates Gazette
Volume/sequential designation (0507) 19 February 2005, 60-63(4)
520 ## - SUMMARY, ETC.
Summary, etc. Discusses the findings of a survey by Reading Real Estate Foundation of Reading University graduates into their views on the property industry's best employers. Assesses what makes a property industry firm a desirable place to work and who are the best employers. Results were compared with an identical survey carried out in 2002. Tables and graphs.
590 ## - LOCAL NOTE (RLIN)
Local note ABS
650 ## - SUBJECT ADDED ENTRY--TOPICAL TERM
Topical term or geographic name entry element GRADUATES
650 ## - SUBJECT ADDED ENTRY--TOPICAL TERM
Topical term or geographic name entry element PROPERTY INDUSTRY
650 ## - SUBJECT ADDED ENTRY--TOPICAL TERM
Topical term or geographic name entry element EMPLOYERS
690 ## - LOCAL SUBJECT ADDED ENTRY--TOPICAL TERM (OCLC, RLIN)
Topical term or geographic name as entry element EDUCATION-CAREERS
942 ## - ADDED ENTRY ELEMENTS (KOHA)
Suppress in OPAC 0
Holdings
Withdrawn status Lost status Source of classification or shelving scheme Damaged status Not for loan Home library Current library Shelving location Date acquired Total Checkouts Full call number Barcode Date last seen Copy number Price effective from Koha item type
    Dewey Decimal Classification     London London Journal article 10/03/2005   X129021 129021-1001 06/08/2019 1 06/08/2019 Journal article